Aktuálne výzvy v oblasti odbytového inžinierstva

Salvato in:
Dettagli Bibliografici
Autore principale: Štetka, Peter, 1986-
Natura: Capitolo di libro
Lingua:inglese
slovacco
Soggetti:
Tags: Aggiungi Tag
Nessun Tag, puoi essere il primo ad aggiungerne!!

MARC

LEADER 00000nla a2200000 4500
001 0235931
005 20240502073821.6
041 0 |a eng 
041 0 |a slo 
044 |a SK 
245 1 0 |a Aktuálne výzvy v oblasti odbytového inžinierstva  |c Peter Štetka 
500 |a Abstrakt 
610 2 0 |a marketing 
610 2 0 |a predaj 
610 2 0 |a správanie spotrebiteľa 
610 2 0 |a rozhodovanie nákupné 
100 1 |a Štetka, Peter, 1986-